000 00283nam a22001217a 4500
008 181008b xxu||||| |||| 00| 0 eng d
041 _aeng
080 _a101
100 _a24
101 _aFIL
245 _aAfter Newton: Essays on Natural Philosophy
_cHarman, P.M
942 _2udc
_cBK
999 _c49060
_d49060